000 00363pam a2200157a 44500
008 230515b1976 xxu||||| |||| 00| 0 eng d
020 _aNULL
041 _aENGLISH
082 _a630
100 _a3495-1976
245 _aMETHODS OF TESTS BURRNT CLAY BUILDING BRICKS FEB- 1986
250 _a0
260 _aDELHI
_bISI
_c1976
300 _a15
650 _aNULL
999 _c652230
_d652230